| 000 | 00569nam a2200169 i 4500 | ||
|---|---|---|---|
| 001 | bg | ||
| 245 | 0 |
_aKatalog Nakładów Rzeczowych nr 2-18 : _bzewnętrzne sieci wodociągowe i kanalizacyjne / _cMinisterstwo Gospodarki Przestrzennej i Budownictwa ; Centralny Ośrodek Badawczo-Rozwojowy Budownictwa Inżynieryjnego HYDROBUDOWA. |
|
| 254 | _aKNR2-18 | ||
| 260 |
_aWarszawa : _bPolprodukt, _c1987. |
||
| 650 | 9 | _awodociągi | |
| 650 | 9 | _akanalizacja | |
| 040 | _cBPK | ||
| 041 | _apl | ||
| 080 | _a628.2 | ||
| 942 | _cKA | ||
| 008 | s pl f |000 0 pol | ||
| 999 |
_c10099 _d10099 |
||
| 856 |
_uhttp://koha.tu.koszalin.pl/cgi-bin/koha/opac-detail.pl?biblionumber=10099 _yKatalog online BPK |
||